Alphabet phonétique de l'OTAN - Mort subite - Statistiques

Statistiques générales
  • Ce quiz a été pris 74 672 fois
  • Le résultat moyen est 12 sur 26
Answers on the Grid
Answers color-coded by a green-red scale on the quiz's grid according to % correct below.
Adam
Alfa
Apple
Boy
Bravo
Bruise
Charlie
Cold
Cork
David
Delta
Denver
Easy
Echo
Edward
Fox
Foxtrot
Frozen
George
Gold
Golf
Henry
Hotel
House
Ice
India
Italy
Japan
John
Juliett
Kilo
King
Kosher
Ladder
Lima
Lincoln
Mary
Mexico
Mike
Nora
November
Nasty
Ocean
Opera
Oscar
Papa
Paris
Polish
Quebec
Queen
Quilt
Robert
Rome
Romeo
Sand
Sierra
Story
Tango
Today
Tom
Umbrella
Uniform
Union
Vector
Victor
Vixen
Water
Whale
Whiskey
Xenon
Xray
Xylophone
Yankee
Yellow
Young
Zebra
Zoom
Zulu
 
Statistiques - réponses
Réponse % Correct
Alfa
93%
Bravo
91%
Charlie
89%
Delta
88%
Echo
81%
Foxtrot
65%
Golf
50%
Hotel
47%
India
45%
Kilo
41%
Lima
40%
Juliett
39%
Tango
37%
November
35%
Oscar
33%
Papa
33%
Romeo
33%
Sierra
33%
Mike
31%
Quebec
31%
Whiskey
31%
Zulu
31%
Yankee
30%
Uniform
29%
Victor
28%
Xray
28%
Aucun quiz correspondant
Distribution des résultats
% des personnes avec chaque résultat
Percentile par nombre de réponses
Votre historique - résultats
Vous n’avez pas pris ce quiz